| 000 | 00621nam a2200205Ia 4500 | ||
|---|---|---|---|
| 003 | GCL | ||
| 008 | 140319s9999 xx 000 0 ara d | ||
| 040 |
_aGCL / _cGCL |
||
| 082 | 0 | 4 |
_a791.43 _bص س |
| 100 | 1 | _aصلاح ابوسيف | |
| 245 | 1 | 0 |
_aالسيناريو السينمائى الفن والتجربة / _cصلاح ابوسيف |
| 260 |
_a[S.N] : _bدار المعارف ، _c1974 |
||
| 490 |
_aاقرأ _v0 |
||
| 650 | 0 | 4 | _aمصر |
| 650 | 0 | 4 | _aنقد |
| 650 | 0 | 4 | _aالافلام السينمائية |
| 650 | 0 | 4 | _aالسينما |
| 650 | 0 | 4 | _aالسينمائيون المصريون |
| 942 |
_2ddc _cBK |
||
| 999 |
_c36600 _d36600 |
||